000 00414nam a2200181Ia 4500
001 8210
005 20260306160552.0
008 260306t2016||||xx |||||||||||||| ||spa||
041 _aESP
082 _a370.15
_bL43
100 _aLeliwa, Susana
_eAUT
245 0 _aPsicología y educación
260 _c2016
300 _a290 páginas :
_c24 cm.
650 _aGEN
654 _aCED
942 _cLIB
_dJUS
_fJUS
_2ddc
_n
999 _c8210
_d8210